Novel Last Lines Quiz Stats

 Plays Quiz Updated Feb 26, 2013

Challenge
Share
Tweet
Embed
Score 0/30 Timer 07:00
4 Plays Today
% Correct
The Lion, the Witch, and the Wardrobe
94.9%
The Wonderful Wizard of Oz
94.3%
Harry Potter and the Chamber of Secrets
91.6%
The Adventures of Pinocchio
90.8%
A Christmas Carol
84%
1984
81.9%
The Very Hungry Caterpillar
81%
Little Women
73%
To Kill a Mockingbird
68.1%
The Old Man and the Sea
61.2%
Treasure Island
56.5%
Paradise Lost
53.5%
Gone with the Wind
52.4%
Winnie-the-Pooh
44.3%
The Catcher in the Rye
38.1%
% Correct
Animal Farm
38%
Of Mice and Men
37.5%
The Return of the King
36.1%
Slaughterhouse-Five
35.4%
Much Ado About Nothing
32.6%
Fahrenheit 451
30.3%
On the Road
26.4%
Memoirs of a Geisha
21.2%
Catch-22
19.6%
To the Lighthouse
13.4%
Naked Lunch
13.1%
Wuthering Heights
12.8%
Jane Eyre
11.5%
The Trial
10.1%
Under the Volcano
9.2%

You're not logged in!

Compare scores with friends on all Sporcle quizzes.
OR
Log In

You Might Also Like...

Show Comments

Extras

Top Quizzes Today


Score Distribution

Your Account Isn't Verified!

In order to create a playlist on Sporcle, you need to verify the email address you used during registration. Go to your Sporcle Settings to finish the process.

Report this User

Report this user for behavior that violates our Community Guidelines.

Details: